Statistics for Capitals by Length, Location, and Initial Letters #2

Click here to take the quiz!

General Stats

  • This quiz has been taken 430 times
  • The average score is 20 of 30

Answer Stats

LengthContinentInitialAnswer% Correct
4South AmericaLLima
91%
5South AmericaQQuito
90%
8South AmericaAAsuncion
81%
4AfricaJJuba
81%
4OceaniaSSuva
80%
4OceaniaAApia
78%
13North AmericaGGuatemala City
78%
11South AmericaBBuenos Aires
76%
7EuropeVVilnius
76%
8OceaniaCCanberra
74%
10South AmericaGGeorgetown
72%
5OceaniaYYaren
71%
10EuropeLLuxembourg
70%
12North AmericaPPort-au-Prince
70%
4AsiaBBaku
68%
7AfricaNNairobi
66%
5EuropeSSofia
65%
10EuropeCCopenhagen
64%
5AsiaTTokyo
64%
9AsiaJJerusalem
63%
6OceaniaMMajuro
63%
11North AmericaTTegucigalpa
63%
9EuropePPodgorica
60%
11North AmericaSSan Salvador
60%
12AfricaYYamoussoukro
56%
11North AmericaPPort-of-Spain
55%
7AfricaAAlgiers
54%
9AsiaKKathmandu
52%
9AfricaMMogadishu
43%
9AsiaNNaypyidaw
37%

Score Distribution

Percentile by Number Answered

Percent of People with Each Score

Your Score History

You have not taken this quiz